Molecular biotechnology

Shranjeno v:
Bibliografske podrobnosti
Glavni avtor: Primrose, S. B.
Format: Knjiga
Jezik:Undetermined
Izdano: London Blakwell Scientific Publications 1991
Teme:
Oznake: Označite
Brez oznak, prvi označite!
Thư viện lưu trữ: Trung tâm Học liệu Trường Đại học Cần Thơ
LEADER 00469nam a2200169Ia 4500
001 CTU_78626
008 210402s9999 xx 000 0 und d
082 |a 660.6 
082 |b P952 
100 |a Primrose, S. B. 
245 0 |a Molecular biotechnology 
245 0 |c S. B. Primrose 
260 |a London 
260 |b Blakwell Scientific Publications 
260 |c 1991 
650 |a Biotechnology,Recombinant DNA 
980 |a Trung tâm Học liệu Trường Đại học Cần Thơ